<?xml version="1.0" encoding="UTF-8"?>
<collection xmlns="http://www.loc.gov/MARC21/slim">
 <record>
  <leader>01182pam a22003018a 4500</leader>
  <controlfield tag="001">00034528</controlfield>
  <controlfield tag="008">161005s2006                  ||||||Viesd</controlfield>
  <controlfield tag="005">20171026081025.0</controlfield>
  <datafield tag="020" ind1="#" ind2="#">
   <subfield code="c">27000</subfield>
  </datafield>
  <datafield tag="041" ind1="0" ind2="#">
   <subfield code="a">Vie</subfield>
  </datafield>
  <datafield tag="082" ind1="1" ind2="4">
   <subfield code="a">338.6</subfield>
   <subfield code="b">V556B</subfield>
  </datafield>
  <datafield tag="100" ind1="1" ind2="#">
   <subfield code="a">Phạm, Côn Sơn</subfield>
  </datafield>
  <datafield tag="245" ind1="1" ind2="0">
   <subfield code="a">Vững bước vào đời sản xuất và cạnh tranh</subfield>
   <subfield code="c">Phạm Côn Sơn</subfield>
   <subfield code="b">Hành trang cho bạn trẻ đi vào con đường sản xuất kinh danh. Chìa khóa của những vấn đề tổ chức phát triển sản xuất, quản trị danh nghiệp và tranh thương. những bài học kinh nghiệm của các nước kinh tế phát triển, đặc biệt là Nhật Bản</subfield>
  </datafield>
  <datafield tag="260" ind1="#" ind2="#">
   <subfield code="a">Tp. Hồ Chí Minh</subfield>
   <subfield code="b">Phương Đông</subfield>
   <subfield code="c">2006</subfield>
  </datafield>
  <datafield tag="300" ind1="#" ind2="#">
   <subfield code="a">217 tr.</subfield>
   <subfield code="c">19 cm.</subfield>
  </datafield>
  <datafield tag="653" ind1="#" ind2="#">
   <subfield code="a">Cạnh Tranh</subfield>
  </datafield>
  <datafield tag="653" ind1="#" ind2="#">
   <subfield code="a">Sản xuất</subfield>
  </datafield>
  <datafield tag="653" ind1="#" ind2="#">
   <subfield code="a">Kinh Tế</subfield>
  </datafield>
  <datafield tag="653" ind1="#" ind2="#">
   <subfield code="a">Kinh Doanh</subfield>
  </datafield>
  <datafield tag="852" ind1="#" ind2="#">
   <subfield code="j">KD.0017514</subfield>
  </datafield>
  <datafield tag="852" ind1="#" ind2="#">
   <subfield code="b">Kho đọc</subfield>
   <subfield code="j">KD.0017514</subfield>
  </datafield>
  <datafield tag="910" ind1=" " ind2=" ">
   <subfield code="d">05/10/2016</subfield>
  </datafield>
  <datafield tag="980" ind1="#" ind2="#">
   <subfield code="a">Trung tâm Học liệu Lê Vũ Hùng, Trường Đại học Đồng Tháp</subfield>
  </datafield>
 </record>
</collection>
